000 00847nac a22002417a 4500
001 BR6000467
003 BR-BrBNA
005 20240105112948.0
008 230509b bl.|||m| |||| 00| 0 por d
040 _aBR-BrBNA
_bpor
_cBiblioteca Nacional de Agricultura
072 _aE30; F00; E70
090 _a2120 BR6000467
110 1 _aGrupo Executivo de Racionalizacao da Cafeicultura, Rio de Janeiro, GB (Brasil)
_95495
245 1 _aRelatorio GERCA 1969 [Grupo Executivo de Racionalizacao da Cafeicultura; Brasil]
260 3 _aRio de Janeiro, GB (Brasil):
_c[nd].
300 _a68 p.
490 _aRelatorio - Grupo Executivo de Racionalizacao da Cafeicultura (Brazil)
_v
_x
500 _aPublished 1969?
650 _aDESENVOLVIMENTO AGRICOLA
650 _aCAFE
909 _a202312
_bLúcia Elande
_c55
_dLúcia Elande
942 _2AGRIS
_n0
_cMS
999 _c261150
_d261150